Vocabulario de ejercicios espirituales : ensayos de hermenéutica ignaciana /

Kaydedildi:
Detaylı Bibliyografya
Yazar: Iparraguirre, Ignacio (autor)
Materyal Türü: Kitap
Dil:İspanyolca
Baskı/Yayın Bilgisi: Roma, Italia : Centrum Ignatianum Spiritualitatis, 1978
Etiketler: Etiketle
Etiket eklenmemiş, İlk siz ekleyin!

MARC

LEADER 00000nam^a2200000^a^4500
001 000624114
005 20260220000000.0
009 20260310133950.03
037 |a Acervo Xavier Clavigero 
041 |a ESP 
091 |a FHG. 00694 
100 |a Iparraguirre, Ignacio  |e (autor) 
245 1 0 |a Vocabulario de ejercicios espirituales :  |b ensayos de hermenéutica ignaciana / 
264 1 |a Roma, Italia :  |b Centrum Ignatianum Spiritualitatis,  |c 1978 
300 |a 216 p. 
336 |a texto  |b txt  |2 rdacontenido 
337 |a sin mediación  |b n  |2 rdamedio 
338 |a volumen  |b nc  |2 rdasoporte 
649 |a XX 
910 |a Fondo Humberto García Bedoy S.J. 
920 |a Impresos - Libros 
930 |a Fondos Especiales 
940 |a Jesuitas 
905 |a 148 
901 |a 624114-10  |b IT2  |c ESP  |i D  |u 20251110 
902 |a https://opac.biblio.iteso.mx/vufind/Record/000624114